Christmas Groups of Things - Statistics

General Stats
  • This quiz has been taken 1,715 times
  • The average score is 30 of 46
Answer Stats
Group Answer % Correct
Magi -> Jesus Gold
96%
Days of Christmas {Golden} Rings
96%
Santa's Reindeer Rudolph
95%
Days of Christmas Turtle {Doves}
94%
Days of Christmas {Partridge} in a Pear Tree
93%
Days of Christmas Pipers {Piping}
90%
Days of Christmas {French} Hens
89%
Santa's Reindeer Dancer
88%
Days of Christmas {Drummers} Drumming
88%
Days of Christmas {Maids} a-Milking
88%
Santa's Reindeer Prancer
88%
Santa's Reindeer Blitzen
87%
Days of Christmas Geese a-{Laying}
87%
Santa's Reindeer Vixen
86%
Days of Christmas Calling {Birds}
85%
Days of Christmas Lords a-{Leaping}
84%
Days of Christmas Ladies {Dancing}
82%
Santa's Reindeer Comet
81%
Santa's Reindeer Donner
81%
Santa's Reindeer Cupid
80%
Santa's Reindeer Dasher
80%
Days of Christmas {Swans} a-Swimming
80%
Magi -> Jesus Frankincense
77%
Christian Countries United States
74%
Magi -> Jesus Myrrh
73%
Jesus' Apostles John
72%
Jesus' Apostles Judas
64%
Jesus' Apostles Peter
63%
Jesus' Apostles Matthew
61%
Christian Countries Italy
54%
Christian Countries Mexico
50%
Christian Countries Brazil
46%
Christian Countries Germany
46%
Jesus' Apostles James
45%
Jesus' Apostles James
45%
Jesus' Apostles Thomas
44%
Jesus' Apostles Simon
43%
Jesus' Apostles Andrew
35%
Christian Countries Russia
34%
Jesus' Apostles Bartholomew
32%
Jesus' Apostles Philip
30%
Jesus' Apostles Thaddaeus
18%
Christian Countries Philippines
16%
Christian Countries Nigeria
12%
Christian Countries Ethiopia
8%
Christian Countries DR Congo
7%
No matching quizzes found
Score Distribution
Percent of People with Each Score
Percentile by Number Answered
Your Score History
You have not taken this quiz